Geometría y agrimensura

Este libro es un trabajo completo con numerosas ilustraciones que permiten al campesino la comprensión de la geometría, ya que desarrolla los principios que permitirán el dominio de los diversos aspectos que hacen posible la aplicación de esta ciencia.

Gardado en:
Detalles Bibliográficos
Autor Principal: Diaz R., Juan Alberto
Formato: Libro
Idioma:Spanish
Publicado: Bogotá: Editora Dosmil, 1976
Series:Biblioteca del campesino. Colección ciencia; No. 91
Subjects:
Acceso en liña:Enlace del recurso
Tags: Engadir etiqueta
Sen Etiquetas, Sexa o primeiro en etiquetar este rexistro!

MARC

LEADER 00000nam a2200000 a 4500
001 000911
008 030917s1976 ck a fr# #000|0#spa#d
041 0 |a spa 
043 |a s-ck--- 
082 0 4 |a 516.1  |b D319g 
100 1 |a Diaz R., Juan Alberto 
245 1 0 |a Geometría y agrimensura   |c Juan Alberto Diaz R. 
260 |a Bogotá:  |b Editora Dosmil,  |c 1976 
300 |a 125 p.:  |b il., gráf., tabl. 
440 0 |a Biblioteca del campesino. Colección ciencia;  |v No. 91 
500 |a Incluye glosario de signos 
520 3 |a Este libro es un trabajo completo con numerosas ilustraciones que permiten al campesino la comprensión de la geometría, ya que desarrolla los principios que permitirán el dominio de los diversos aspectos que hacen posible la aplicación de esta ciencia. 
650 1 4 |a ENSEÑANZA DE LA GEOMETRÍA  |z COLOMBIA 
650 1 4 |a AGRIMENSURA 
999 |c 3063  |d 3063 
856 |u https://catalogo.idep.edu.co/cgi-bin/koha/opac-detail.pl?biblionumber=3063  |z Enlace del recurso